[Event "Ruhrgebiet Verbandsliga Gruppe 2 1819"]
[Site "Nordrheinwestfalen"]
[Date "2018.10.07"]
[Round "2.6"]
[White "Brockmann, Fabian"]
[Black "Gockel, Mirco"]
[Result "1-0"]
[WhiteElo "1951"]
[BlackElo "1921"]
[PlyCount "55"]
[EventDate "2018.09.23"]
[EventType "team-tourn"]
[EventRounds "9"]
[EventCountry "GER"]
[SourceTitle "EXT 2022"]
[Source "ChessBase"]
[SourceDate "2021.10.06"]
[SourceVersion "1"]
[SourceVersionDate "2021.10.06"]
[SourceQuality "1"]
[WhiteTeam "Dortmund SV"]
[BlackTeam "Essen Werden"]
[WhiteTeamCountry "GER"]
[BlackTeamCountry "GER"]

1. e4 c5 2. b3 e6 3. Bb2 d5 4. Bb5+ Bd7 5. Bxd7+ Nxd7 6. exd5 exd5 7. Qe2+ Qe7 8. Nc3 Ngf6 9. d4 cxd4 10. Nb5 Qxe2+ 11. Kxe2 Rc8 12. Nxd4 Bb4 13. Ngf3 0-0 14. Rhd1 Ne4 15. Kf1 g5 16. g4 h5 17. gxh5 g4 18. Nh4 f5 19. Nhxf5 Ndf6 20. a3 Bc5 21. Ne6 Rfe8 22. Nxc5 Rxc5 23. Ne3 Nxh5 24. Rxd5 Rxd5 25. Nxd5 Nd2+ 26. Kg2 Rd8 27. Nf6+ Nxf6 28. Bxf6 1-0

[Event "Ruhrgebiet Verbandsliga Gruppe 2 1516"]
[Site "Germany"]
[Date "2016.04.24"]
[Round "9"]
[White "Kuerschners, Stefan"]
[Black "Gockel, Mirco"]
[Result "0-1"]
[WhiteElo "1967"]
[BlackElo "1958"]
[PlyCount "58"]
[EventDate "2015.09.06"]
[EventType "team-tourn"]
[EventRounds "9"]
[EventCountry "GER"]
[SourceTitle "EXT 2022"]
[Source "ChessBase"]
[SourceDate "2021.10.06"]
[SourceVersion "1"]
[SourceVersionDate "2021.10.06"]
[SourceQuality "1"]
[WhiteTeam "Oberhausen SV II"]
[BlackTeam "Essen Werden"]
[WhiteTeamCountry "GER"]
[BlackTeamCountry "GER"]

1. e4 c5 2. Nf3 d6 3. d4 cxd4 4. Nxd4 Nf6 5. Nc3 a6 6. Be2 e5 7. Nb3 Be6 8. 0-0 Be7 9. Re1 0-0 10. Bf1 Nbd7 11. Nd5 Nxd5 12. exd5 Bf5 13. c4 Rc8 14. Be3 Bg6 15. Qd2 f5 16. f4 Nf6 17. Qb4 b5 18. Rad1 Ng4 19. Kh1 Nxe3 20. Rxe3 bxc4 21. Bxc4 Rb8 22. Qe1 Bf6 23. fxe5 f4 24. exf6 fxe3 25. fxg7 Rf2 26. Qxe3 Qh4 27. Qe6+ Kxg7 28. Qxd6 Rbf8 29. Qc6 Qg4 0-1

[Event "Ruhrgebiet VK3 1213"]
[Site "Nordrheinwestfalen"]
[Date "2012.09.02"]
[Round "1"]
[White "Gockel, Mirco"]
[Black "Freisen, Thomas"]
[Result "0-1"]
[WhiteElo "1974"]
[BlackElo "2000"]
[PlyCount "98"]
[EventDate "2012.09.02"]
[EventType "team-tourn"]
[EventRounds "9"]
[EventCountry "GER"]
[SourceTitle "EXT 2020"]
[Source "ChessBase"]
[SourceDate "2019.10.17"]
[SourceVersion "1"]
[SourceVersionDate "2019.10.17"]
[SourceQuality "1"]
[WhiteTeam "Essen Werden"]
[BlackTeam "Guennigfeld SV"]
[WhiteTeamCountry "GER"]
[BlackTeamCountry "GER"]

1. c4 Nf6 2. g3 d5 3. Bg2 g6 4. Nf3 Bg7 5. 0-0 c6 6. d4 0-0 7. b3 dxc4 8. bxc4 c5 9. e3 Nc6 10. Bb2 Qb6 11. Qb3 Na5 12. Qxb6 axb6 13. Nbd2 Rd8 14. Ne5 Ng4 15. Nef3 Nc6 16. h3 Nh6 17. Rfd1 cxd4 18. exd4 Bxd4 19. Nxd4 Nxd4 20. Nb3 Ne6 21. Rxd8+ Nxd8 22. g4 Be6 23. Bd5 f5 24. Bc1 Nhf7 25. gxf5 gxf5 26. Be3 Nd6 27. Nd4 Bxd5 28. cxd5 Ra5 29. Nb3 Rxd5 30. Bxb6 Nc6 31. Rc1 Ne4 32. Kg2 Kf7 33. f3 Nd6 34. Rc2 Rb5 35. Be3 Nb4 36. Re2 Nd3 37. Rd2 Ne5 38. Bc5 Nec4 39. Re2 b6 40. Bf2 e5 41. Be1 Rd5 42. Nd2 Nxd2 43. Bxd2 Nc4 44. Bb4 Rd3 45. Kf2 Ke6 46. Rc2 Kd5 47. Ke2 e4 48. fxe4+ fxe4 49. Be7 Rxh3 0-1

[Event "Duisburg Grossenbaum op"]
[Site "Duisburg"]
[Date "2006.06.03"]
[Round "3"]
[White "Gockel, Mirco"]
[Black "Proettel, Swen"]
[Result "0-1"]
[WhiteElo "1861"]
[BlackElo "2176"]
[PlyCount "44"]
[EventDate "2006.06.02"]
[EventType "swiss"]
[EventRounds "7"]
[EventCountry "GER"]
[SourceTitle "EXT 2007"]
[Source "ChessBase"]
[SourceDate "2006.11.23"]
[SourceVersion "1"]
[SourceVersionDate "2006.11.23"]
[SourceQuality "1"]

1. c4 g6 2. g3 Bg7 3. Bg2 d6 4. Nc3 c5 5. a3 Nc6 6. Rb1 a5 7. Nf3 Nf6 8. 0-0 0-0 9. Ne1 Bf5 10. d3 Qd7 11. Nd5 Nxd5 12. cxd5 Na7 13. e4 Bh3 14. Bxh3 Qxh3 15. Qa4 b5 16. Qxa5 Nc6 17. Qd2 Nd4 18. b4 cxb4 19. Rxb4 Rfc8 20. Bb2 Rc2 21. Qg5 Ne2+ 22. Kh1 Qxf1# 0-1

[Event "Duisburg Grossenbaum op"]
[Site "Duisburg"]
[Date "2006.06.02"]
[Round "1"]
[White "Gockel, Mirco"]
[Black "De Gleria, Francesco"]
[Result "0-1"]
[WhiteElo "1861"]
[BlackElo "2402"]
[PlyCount "54"]
[EventDate "2006.06.02"]
[EventType "swiss"]
[EventRounds "7"]
[EventCountry "GER"]
[SourceTitle "EXT 2007"]
[Source "ChessBase"]
[SourceDate "2006.11.23"]
[SourceVersion "1"]
[SourceVersionDate "2006.11.23"]
[SourceQuality "1"]

1. c4 Nf6 2. g3 g6 3. Bg2 Bg7 4. Nc3 0-0 5. e4 c5 6. Nge2 Nc6 7. 0-0 d6 8. d3 Ne8 9. Rb1 Nc7 10. Be3 Nd4 11. b4 Nce6 12. Qd2 Rb8 13. Bh6 cxb4 14. Rxb4 Bxh6 15. Qxh6 Qa5 16. Nxd4 Qxb4 17. Nd5 Qb2 18. Nxe7+ Kh8 19. Nb5 Rd8 20. d4 Nxd4 21. Nxd6 Be6 22. c5 Nc6 23. Nd5 b6 24. Bh3 Qg7 25. Qh4 bxc5 26. Qf4 g5 27. Qf3 Rxd6 0-1

[Event "Leverkusen-ch 15th"]
[Site "Leverkusen"]
[Date "2003.04.28"]
[Round "9"]
[White "Ljuboschiz, Alexander"]
[Black "Gockel, Mirco"]
[Result "1-0"]
[WhiteElo "2087"]
[BlackElo "1923"]
[PlyCount "72"]
[EventDate "2003.01.06"]
[EventType "swiss"]
[EventRounds "9"]
[EventCountry "GER"]
[SourceTitle "EXT 2006"]
[Source "ChessBase"]
[SourceDate "2005.11.24"]
[SourceVersion "1"]
[SourceVersionDate "2005.11.24"]
[SourceQuality "1"]

1. e4 c5 2. Nf3 d6 3. d4 cxd4 4. Nxd4 Nf6 5. Nc3 a6 6. Be2 e5 7. Nb3 Be6 8. 0-0 Be7 9. f4 Qc7 10. f5 Bc4 11. Bxc4 Qxc4 12. Qd3 Qc7 13. a4 Nbd7 14. a5 Rc8 15. Ra4 Ng4 16. Qg3 b5 17. axb6 Qxb6+ 18. Kh1 Rxc3 19. Qxc3 Nf2+ 20. Rxf2 Qxf2 21. Be3 Qf1+ 22. Bg1 0-0 23. Ra1 Qb5 24. Qc7 Rd8 25. h3 Kf8 26. Ra5 Qe2 27. Qc6 Nb8 28. Qd5 Qxc2 29. Ra4 Qxb2 30. Rb4 Qc3 31. Rb7 Rc8 32. Na5 Ke8 33. Rb3 Qc2 34. Rg3 g6 35. fxg6 hxg6 36. Rf3 f6 1-0

[Event "Leverkusen-ch 15th"]
[Site "Leverkusen"]
[Date "2003.02.24"]
[Round "5"]
[White "Gockel, Mirco"]
[Black "Gnass, Arno"]
[Result "1-0"]
[WhiteElo "1923"]
[BlackElo "1707"]
[PlyCount "43"]
[EventDate "2003.01.06"]
[EventType "swiss"]
[EventRounds "9"]
[EventCountry "GER"]
[SourceTitle "EXT 2006"]
[Source "ChessBase"]
[SourceDate "2005.11.24"]
[SourceVersion "1"]
[SourceVersionDate "2005.11.24"]
[SourceQuality "1"]

1. c4 Nf6 2. Nc3 c5 3. e4 Nc6 4. g3 e6 5. Bg2 Be7 6. d3 0-0 7. Nge2 a6 8. 0-0 b6 9. h3 Qc7 10. Be3 Bb7 11. f4 d6 12. g4 Rfd8 13. Ng3 Bf8 14. g5 Ne8 15. f5 d5 16. fxe6 fxe6 17. exd5 Qxg3 18. Bf4 Qh4 19. dxc6 Bc8 20. c7 Nxc7 21. Bxc7 Ra7 22. Bxd8 1-0

[Event "Leverkusen-ch op 10th"]
[Site "Leverkusen"]
[Date "1998.03.06"]
[Round "5"]
[White "Buettner, Ulrich"]
[Black "Gockel, Mirco"]
[Result "1-0"]
[WhiteElo "1822"]
[BlackElo "1855"]
[PlyCount "55"]
[EventDate "1998.01.09"]
[EventType "swiss"]
[EventRounds "9"]
[EventCountry "GER"]
[SourceTitle "EXT 2006"]
[Source "ChessBase"]
[SourceDate "2005.11.24"]
[SourceVersion "1"]
[SourceVersionDate "2005.11.24"]
[SourceQuality "1"]

1. Nf3 c5 2. e3 g6 3. d4 Bg7 4. Bd3 e6 5. 0-0 cxd4 6. exd4 Ne7 7. c3 Nbc6 8. Qe2 0-0 9. Re1 a6 10. Nbd2 b5 11. Ne4 d6 12. Bg5 f5 13. Ng3 h6 14. Bxe7 Qxe7 15. Bc2 Kh7 16. h4 e5 17. dxe5 dxe5 18. h5 Kh8 19. hxg6 Qc5 20. Ng5 Bf6 21. Nh5 hxg5 22. Nxf6 g4 23. Nh5 Re8 24. g7+ Kg8 25. Nf6+ Kxg7 26. Nxe8+ Kf7 27. Nc7 Ra7 28. Bb3+ 1-0